[Event "VII Festival A"]
[Site "Trieste ITA"]
[Date "2005.09.04"]
[Round "2"]
[White "Lazarev, Vladimir"]
[Black "Brunello, Sabino"]
[Result "1/2-1/2"]
[WhiteElo "2518"]
[BlackElo "2373"]
[PlyCount "135"]
[EventDate "2005.09.03"]

1.d4 Nf6 2.c4 e6 3.Nc3 Bb4 4.Qc2 d5 5.cxd5 Qxd5 6.e3 c5 7.Bd2 Bxc3 8.Bxc3 
cxd4 9.Bxd4 Nc6 10.Bc3 O-O 11.Nf3 Qc5 12.Rc1 Nb4 13.Qb1 Qe7 14.e4 Bd7 15.
a3 Nc6 16.b4 Rfc8 17.Bd3 e5 18.O-O Bg4 19.b5 Nd8 20.Bb4 Qe8 21.Nd2 Nh5 22.
g3 Ne6 23.f3 Bh3 24.Rxc8 Rxc8 25.Rc1 Rxc1+ 26.Qxc1 Qd8 27.Bf1 Bxf1 28.Qxf1
Nf6 29.Kg2 h5 30.Bc3 Nd4 31.Qd3 Qd7 32.Bxd4 exd4 33.Nb3 Qd6 34.Nxd4 g6 35.
Qc3 Nd7 36.Kf2 h4 37.Qc8+ Kg7 38.Qc3 Kg8 39.a4 hxg3+ 40.hxg3 a6 41.Qc8+ 
Nf8 42.Qc4 Qb6 43.Ke2 axb5 44.axb5 Qd6 45.f4 Qa3 46.Qd3 Qb2+ 47.Kf3 Qc1 
48.e5 Qh1+ 49.Kf2 Qh2+ 50.Ke1 Qg1+ 51.Kd2 Qf2+ 52.Kc3 Qe1+ 53.Kb2 Qb4+ 54.
Nb3 Ne6 55.Kc2 Qe1 56.Qf3 Qb4 57.Qd3 Qe1 58.Qf3 Qb4 59.Qxb7 Qxb3+ 60.Kxb3 
Nc5+ 61.Kc4 Nxb7 62.Kd5 Kf8 63.b6 Ke7 64.Kc6 Na5+ 65.Kb5 Nb7 66.Kc6 Na5+ 
67.Kb5 Nb7 68.Kc6 1/2-1/2

[Event "VII Festival A"]
[Site "Trieste ITA"]
[Date "2005.09.04"]
[Round "2"]
[White "Loncar, Robert"]
[Black "Pavasovic, Dusko"]
[Result "1/2-1/2"]
[WhiteElo "2390"]
[BlackElo "2566"]
[PlyCount "62"]
[EventDate "2005.09.03"]

1.d4 d5 2.c4 e6 3.Nf3 Nf6 4.Nc3 c6 5.g3 dxc4 6.Bg2 b5 7.O-O Bb7 8.Bg5 Nbd7
9.a4 a6 10.Ne5 Nxe5 11.Bxf6 Qxf6 12.dxe5 Qxe5 13.axb5 Rd8 14.Qc1 axb5 15.
Ra7 Qc7 16.Nxb5 Qb6 17.Qg5 f5 18.Qe3 Qxe3 19.fxe3 cxb5 20.Rxb7 Bc5 21.Bc6+
Kf8 22.Bxb5 Bxe3+ 23.Kg2 h5 24.Bxc4 Rh6 25.Rf3 Bc5 26.b4 Bd6 27.e4 Rf6 28.
exf5 exf5 29.Rd3 f4 30.gxf4 Rxf4 31.Be6 Rb8 1/2-1/2

[Event "VII Festival A"]
[Site "Trieste ITA"]
[Date "2005.09.04"]
[Round "2"]
[White "Milinkovic, Zdravko"]
[Black "Decleva, Gianni"]
[Result "1-0"]
[WhiteElo "1980"]
[BlackElo "1611"]
[PlyCount "105"]
[EventDate "2005.09.03"]

1.d4 d5 2.Bg5 Nd7 3.e3 Ngf6 4.Nf3 e6 5.Nbd2 Be7 6.c4 O-O 7.Rc1 c6 8.c5 Re8
9.Bd3 Ng4 10.Bf4 b6 11.cxb6 axb6 12.Rxc6 Bb7 13.Bc7 Qc8 14.Rc1 Rxa2 15.Qb3
Qa8 16.Bb5 Ra1 17.O-O Rxc1 18.Rxc1 Bc8 19.h3 Ngf6 20.Bxb6 Ba6 21.Ra1 Rb8 
22.Rxa6 Qb7 23.Ba5 Qxb5 24.Qxb5 Rxb5 25.Bc3 h6 26.g3 Bb4 27.Ra8+ Kh7 28.
Rc8 Bxc3 29.bxc3 Rb2 30.Rc7 Kg8 31.c4 dxc4 32.Rc8+ Kh7 33.Rxc4 Kg8 34.Rc8+
Kh7 35.e4 Rb4 36.Rc7 Nf8 37.e5 N6d7 38.Ne4 Rb1+ 39.Kg2 Rd1 40.h4 Kg6 41.g4
f5 42.h5+ Kh7 43.gxf5 exf5 44.Nd6 Kg8 45.Nxf5 Kf7 46.Ne3 Rd3 47.d5 Ke8 48.
Rc8+ Ke7 49.Nf5+ Kf7 50.Nd6+ Kg8 51.e6 Rxd5 52.exd7 Kh7 53.d8=Q 1-0

[Event "VII Festival A"]
[Site "Trieste ITA"]
[Date "2005.09.04"]
[Round "2"]
[White "Nedimovic, Ljubisa"]
[Black "Lalic, Bogdan"]
[Result "1/2-1/2"]
[WhiteElo "2217"]
[BlackElo "2491"]
[PlyCount "22"]
[EventDate "2005.09.03"]

1.d4 Nf6 2.Bg5 e6 3.e4 h6 4.Bxf6 Qxf6 5.c3 d6 6.Bd3 Qg5 7.g3 e5 8.Nd2 Qe7 
9.Ne2 h5 10.Qa4+ c6 11.O-O-O Qc7 1/2-1/2

[Event "VII Festival A"]
[Site "Trieste ITA"]
[Date "2005.09.04"]
[Round "2"]
[White "Padjen, Zdenko"]
[Black "Zufic, Miroslav"]
[Result "1/2-1/2"]
[WhiteElo "2068"]
[BlackElo "2391"]
[PlyCount "36"]
[EventDate "2005.09.03"]

1.e4 c5 2.Nf3 d6 3.c3 Nf6 4.h3 Nbd7 5.Bd3 b6 6.O-O Bb7 7.Re1 e6 8.Bc2 Be7 
9.d4 d5 10.e5 Ne4 11.Nbd2 f5 12.exf6 Ndxf6 13.Nxe4 dxe4 14.Ba4+ Kf8 15.Ng5
Qc8 16.f3 exf3 17.Nxe6+ Kg8 18.Ng5 f2+ 1/2-1/2

[Event "VII Festival A"]
[Site "Trieste ITA"]
[Date "2005.09.04"]
[Round "2"]
[White "Pasquotto, Mirko"]
[Black "Costariol, Mario"]
[Result "1-0"]
[WhiteElo "1814"]
[BlackElo "1503"]
[PlyCount "103"]
[EventDate "2005.09.03"]

1.e4 c5 2.Nf3 d6 3.d4 cxd4 4.Nxd4 Nf6 5.Nc3 a6 6.Be3 e6 7.f3 b5 8.a3 Nbd7 
9.Qd2 Ne5 10.Rd1 Bd7 11.Be2 Qc7 12.O-O Be7 13.Kh1 Rb8 14.Qe1 O-O 15.g4 
Rfd8 16.g5 Ne8 17.h4 Nc4 18.Bxc4 Qxc4 19.Nb3 b4 20.Rd4 Qc7 21.axb4 e5 22.
Rd2 Be6 23.Nd5 Bxd5 24.Rxd5 Qxc2 25.Na5 Rdc8 26.b3 Qc7 27.Qd2 Qd7 28.Kg2 
Nc7 29.Rxe5 d5 30.Rxe7 Qxe7 31.Nc6 Qe6 32.Nxb8 dxe4 33.Nd7 exf3+ 34.Rxf3 
Qg4+ 35.Rg3 Qxh4 36.Nc5 Ne6 37.Qd7 Rd8 38.Qe7 Rf8 39.Nxe6 Qe4+ 40.Kh2 fxe6
41.g6 h6 42.Bxh6 Rf2+ 43.Kh3 Qf5+ 44.Rg4 Rf3+ 45.Kh4 Qf6+ 46.Bg5 Qxg6 47.
Qd8+ Rf8 48.Qxf8+ Kxf8 49.Be7+ Kxe7 50.Rxg6 Kf7 51.Kh5 e5 52.Rxa6 1-0

[Event "VII Festival A"]
[Site "Trieste ITA"]
[Date "2005.09.04"]
[Round "2"]
[White "Plani, Andrea"]
[Black "Rozmann, Glauco"]
[Result "1-0"]
[WhiteElo "1775"]
[BlackElo "1413"]
[PlyCount "51"]
[EventDate "2005.09.03"]

1.e4 Nc6 2.d4 e6 3.f4 d6 4.Nf3 h6 5.Nc3 Bd7 6.Bd3 Nb4 7.Bc4 c6 8.a3 d5 9.
Bb3 Na6 10.exd5 cxd5 11.O-O f6 12.Nh4 h5 13.Ng6 Rh7 14.Nxf8 Kxf8 15.f5 Qb6
16.fxe6 Bxe6 17.Bxd5 Bxd5 18.Nxd5 Qd6 19.Nf4 Kf7 20.Qd3 Rh6 21.Qb3+ Ke7 
22.Qxb7+ Nc7 23.Nd5+ Kd7 24.Nxc7 Qxd4+ 25.Kh1 Rd8 26.Nb5+ 1-0

[Event "VII Festival A"]
[Site "Trieste ITA"]
[Date "2005.09.04"]
[Round "2"]
[White "Tratar, Marko"]
[Black "Varini, Massimo"]
[Result "1-0"]
[WhiteElo "2419"]
[BlackElo "2080"]
[PlyCount "27"]
[EventDate "2005.09.03"]

1.Nf3 Nf6 2.c4 g6 3.Nc3 Bg7 4.e4 d6 5.d4 O-O 6.Be2 Nbd7 7.O-O e5 8.Be3 c6 
9.d5 cxd5 10.cxd5 Ng4 11.Bg5 f6 12.Bh4 Qb6 13.Nd2 f5 14.Nc4 1-0

[Event "VII Festival A"]
[Site "Trieste ITA"]
[Date "2005.09.04"]
[Round "3"]
[White "Batic, Aleksander"]
[Black "Bosiocic, Marko"]
[Result "1/2-1/2"]
[WhiteElo "1855"]
[BlackElo "2121"]
[PlyCount "96"]
[EventDate "2005.09.03"]

1.d4 d5 2.c4 e6 3.Nc3 Be7 4.Nf3 Nf6 5.Bf4 O-O 6.Qc2 c6 7.e3 Nbd7 8.Ng5 g6 
9.h4 Nh5 10.Be2 Nxf4 11.exf4 dxc4 12.Bxc4 Nb6 13.Qd3 Nxc4 14.Qxc4 b5 15.
Qd3 c5 16.Ne2 c4 17.Qe3 Bb7 18.Kf1 Qd5 19.Rh2 b4 20.h5 Bxg5 21.fxg5 Rfe8 
22.f4 Rac8 23.Re1 Ba6 24.Kg1 c3 25.bxc3 Bxe2 26.Rxe2 Rxc3 27.Qe5 Qxe5 28.
dxe5 gxh5 29.Rxh5 Rec8 30.Rh3 Rc2 31.Rhe3 a5 32.Kf2 Kf8 33.g4 Ke7 34.f5 
Rxe2+ 35.Rxe2 exf5 36.gxf5 Rg8 37.Kf3 Rxg5 38.Kf4 Rh5 39.Rc2 Rh4+ 40.Kg5 
Rd4 41.Rc6 a4 42.Rb6 h6+ 43.Kxh6 Rd2 44.f6+ Ke8 45.Rxb4 Rh2+ 46.Kg5 Rg2+ 
47.Kf5 Rf2+ 48.Ke4 Rxa2 1/2-1/2

[Event "VII Festival A"]
[Site "Trieste ITA"]
[Date "2005.09.04"]
[Round "3"]
[White "Bosiocic, Marin"]
[Black "Bevilacqua, Andrea"]
[Result "1-0"]
[WhiteElo "2381"]
[BlackElo "1978"]
[PlyCount "119"]
[EventDate "2005.09.03"]

1.d4 f5 2.Bg5 Nf6 3.Bxf6 exf6 4.c4 Bb4+ 5.Nc3 Nc6 6.e3 Qe7 7.Ne2 d6 8.a3 
Bxc3+ 9.Nxc3 O-O 10.Be2 Nd8 11.O-O c6 12.Qd3 Ne6 13.f4 Nc7 14.Bf3 Bd7 15.
b4 g6 16.Rad1 Rad8 17.Rfe1 b6 18.a4 Qf7 19.b5 d5 20.cxd5 cxd5 21.Rc1 Rc8 
22.Na2 Ne8 23.Nb4 Rxc1 24.Rxc1 Be6 25.Rc6 Kh8 26.Qc2 Qd7 27.Qb3 Nc7 28.Kf2
Kg7 29.Na2 Kh8 30.Nc3 Rd8 31.Qb4 Kg8 32.a5 Rb8 33.axb6 Rxb6 34.Qc5 Na6 35.
Qa3 Rxc6 36.bxc6 Qxc6 37.Be2 Nc7 38.Na4 Kf7 39.Nc5 Qb6 40.h4 a5 41.Bf3 Qb4
42.Qa2 Ke7 43.h5 gxh5 44.Qc2 Qc4 45.Qb1 Qb4 46.Qc2 Qc4 47.Qb1 Qb4 48.Qc1 
Qc4 49.Qh1 Qc2+ 50.Kg3 Bf7 51.Qe1 Qa2 52.Nb7 Qa4 53.Qc3 Qc4 54.Qxa5 Kf8 
55.Nd6 Qc1 56.Nxf5 Kg8 57.Qb4 h4+ 58.Kxh4 Be6 59.Nh6+ Kg7 60.Qe7+ 1-0

[Event "VII Festival A"]
[Site "Trieste ITA"]
[Date "2005.09.04"]
[Round "3"]
[White "Brunello, Roberta"]
[Black "Samuelli, Daniele"]
[Result "1-0"]
[WhiteElo "1837"]
[BlackElo "1986"]
[PlyCount "101"]
[EventDate "2005.09.03"]

1.e4 c5 2.Nf3 Nc6 3.d4 cxd4 4.Nxd4 e6 5.Be3 Nf6 6.Nc3 Bb4 7.f3 d5 8.Bd3 e5
9.Nxc6 bxc6 10.Bd2 O-O 11.O-O dxe4 12.Nxe4 Nxe4 13.Bxb4 Qd4+ 14.Kh1 Ng3+ 
15.hxg3 Qxb4 16.b3 Be6 17.Re1 Qb8 18.Qe2 e4 19.Qxe4 g6 20.Qxc6 Qxg3 21.Be4
Rac8 22.Qb5 a6 23.Qa5 f5 24.Bd3 Qh4+ 25.Kg1 Qd4+ 26.Kh1 Qh4+ 27.Kg1 Qd4+ 
28.Kf1 f4 29.Rad1 Rc5 30.Qxa6 Bf7 31.Bxg6 Qc3 32.Bxf7+ Rxf7 33.Rd8+ Kg7 
34.Qd3 Qf6 35.Ree8 Rc6 36.Rd7 Rxd7 37.Qxd7+ Kh6 38.Qh3+ Kg7 39.Qg4+ Kh6 
40.Qh3+ Kg7 41.Qd7+ Kh6 42.Qd3 Rd6 43.Qc4 Qa1+ 44.Re1 Qf6 45.a4 Rc6 46.Qd5
Rd6 47.Qe5 Qf8 48.Re4 Rf6 49.a5 Qd8 50.b4 Kg6 51.Qe8+ 1-0

[Event "VII Festival A"]
[Site "Trieste ITA"]
[Date "2005.09.04"]
[Round "3"]
[White "Brunello, Sabino"]
[Black "Loncar, Robert"]
[Result "1/2-1/2"]
[WhiteElo "2373"]
[BlackElo "2390"]
[PlyCount "58"]
[EventDate "2005.09.03"]

1.e4 c5 2.Nf3 Nc6 3.Nc3 Nf6 4.Bb5 Qc7 5.O-O Nd4 6.Bc4 e6 7.h3 a6 8.Re1 b5 
9.Bf1 Bb7 10.d3 Nxf3+ 11.Qxf3 Bd6 12.Qe3 Be7 13.Ne2 O-O 14.c3 c4 15.Nd4 
Rfe8 16.a4 b4 17.Bd2 Bc5 18.cxb4 Ba7 19.Bc3 e5 20.Qg3 Nh5 21.Qh2 Qd6 22.a5
Qf6 23.Nf3 cxd3 24.Bxd3 d6 25.Rad1 Rac8 26.Bb1 Bc6 27.Bd3 Bb7 28.Bb1 Bc6 
29.Bd3 Bb7 1/2-1/2

[Event "VII Festival A"]
[Site "Trieste ITA"]
[Date "2005.09.04"]
[Round "3"]
[White "Costariol, Mario"]
[Black "Cozzarin, Davide"]
[Result "1-0"]
[WhiteElo "1503"]
[BlackElo "1646"]
[PlyCount "41"]
[EventDate "2005.09.03"]

1.e4 c5 2.Nf3 d6 3.d4 cxd4 4.Nxd4 Nf6 5.Nc3 g6 6.Be3 Bg7 7.f3 O-O 8.Qd2 
Nc6 9.O-O-O Bd7 10.g4 a6 11.h4 b5 12.Kb1 Ne5 13.h5 Nc4 14.Bxc4 bxc4 15.
hxg6 fxg6 16.Bh6 Rf7 17.Qg5 Qb6 18.Bxg7 Rxg7 19.Nd5 Nxd5 20.Qxd5+ Kh8 21.
Qxa8+ 1-0

[Event "VII Festival A"]
[Site "Trieste ITA"]
[Date "2005.09.04"]
[Round "3"]
[White "De Val, Daniele"]
[Black "Tratar, Marko"]
[Result "0-1"]
[WhiteElo "2155"]
[BlackElo "2419"]
[PlyCount "84"]
[EventDate "2005.09.03"]

1.d4 d6 2.c4 e5 3.Nf3 e4 4.Ng5 f5 5.g3 Be7 6.Nh3 c6 7.Nc3 Nf6 8.d5 Nbd7 9.
Bg2 Ne5 10.b3 O-O 11.O-O Ne8 12.f3 Bf6 13.Bb2 Nxc4 14.Qc1 Nxb2 15.Qxb2 Nc7
16.Qd2 Bxc3 17.Qxc3 Nxd5 18.Qd4 Qb6 19.Qxb6 axb6 20.fxe4 Ne3 21.Rf4 Nxg2 
22.Kxg2 fxe4 23.Rxe4 Bxh3+ 24.Kxh3 Rfe8 25.Rxe8+ Rxe8 26.Re1 Kf7 27.Kg2 
Re3 28.Kf2 Rc3 29.Rd1 Ke6 30.Rd4 Rc5 31.Rh4 h6 32.Ke3 b5 33.Kd3 Rd5+ 34.
Ke3 c5 35.a4 b4 36.Rf4 Rd1 37.Re4+ Kd7 38.Kf4 Rf1+ 39.Kg4 d5 40.Re5 Kd6 
41.Re8 c4 42.Rd8+ Ke5 0-1

[Event "VII Festival A"]
[Site "Trieste ITA"]
[Date "2005.09.04"]
[Round "3"]
[White "Efimov, Igor"]
[Black "Cedriano, Filippo"]
[Result "1-0"]
[WhiteElo "2401"]
[BlackElo "2005"]
[PlyCount "67"]
[EventDate "2005.09.03"]

1.d4 d5 2.c4 e6 3.Nc3 Nf6 4.Nf3 Nbd7 5.cxd5 exd5 6.Bf4 c6 7.Qc2 Qa5 8.Nd2 
Nh5 9.Bg5 h6 10.Bh4 g5 11.Bg3 Nxg3 12.hxg3 Nf6 13.e3 Bd7 14.Bd3 O-O-O 15.
a3 Kb8 16.Na4 Rc8 17.b4 Qd8 18.Nc5 h5 19.Nf3 Bxc5 20.bxc5 Ng4 21.Rb1 Ka8 
22.Rb4 h4 23.gxh4 gxh4 24.Bf5 Rc7 25.Bxd7 Qxd7 26.Rxh4 Rxh4 27.Nxh4 Qe7 
28.Nf5 Qg5 29.Nd6 Re7 30.Qf5 Rxe3+ 31.fxe3 Qxe3+ 32.Kd1 Nf2+ 33.Kc2 Qe2+ 
34.Kb3 1-0

[Event "VII Festival A"]
[Site "Trieste ITA"]
[Date "2005.09.04"]
[Round "3"]
[White "Fercec, Nenad"]
[Black "Nedimovic, Ljubisa"]
[Result "1/2-1/2"]
[WhiteElo "2500"]
[BlackElo "2217"]
[PlyCount "104"]
[EventDate "2005.09.03"]

1.e4 e6 2.d4 d5 3.Nd2 Nf6 4.e5 Nfd7 5.Bd3 c5 6.c3 Nc6 7.Ne2 cxd4 8.cxd4 f6
9.exf6 Qxf6 10.Nf3 h6 11.O-O Bd6 12.Ng3 O-O 13.Bc2 Rd8 14.Re1 Nf8 15.Ne5 
Bd7 16.Nh5 Qh4 17.Nf4 Nxe5 18.dxe5 Bc5 19.g3 Qe7 20.Be3 Be8 21.Bxc5 Qxc5 
22.Rc1 Qe7 23.Qd4 b6 24.Bd3 Rac8 25.Ba6 Rc5 26.b4 Rc7 27.Rc3 Bg6 28.Nxg6 
Nxg6 29.Rec1 Rxc3 30.Rxc3 Qd7 31.Bd3 Ne7 32.b5 Rc8 33.a4 Rxc3 34.Qxc3 Qc8 
35.Qb4 Qc1+ 36.Kg2 Kf7 37.Be2 Nf5 38.Bg4 g6 39.Bxf5 gxf5 40.Qd6 Qc8 41.h3 
h5 42.Kf1 Qf8 43.Qc7+ Qe7 44.Qc1 h4 45.g4 fxg4 46.hxg4 Kg6 47.f4 Qb4 48.
Kg2 Qe4+ 49.Kh3 Qf3+ 50.Kxh4 Qf2+ 51.Kh3 Qf3+ 52.Kh4 Qf2+ 1/2-1/2

[Event "VII Festival A"]
[Site "Trieste ITA"]
[Date "2005.09.04"]
[Round "3"]
[White "Gergolet, Jan"]
[Black "Devetak, Robert"]
[Result "0-1"]
[WhiteElo "1575"]
[BlackElo "1539"]
[PlyCount "98"]
[EventDate "2005.09.03"]

1.e4 c5 2.Nf3 d6 3.d4 cxd4 4.Nxd4 Nf6 5.Nc3 e6 6.Be2 Be7 7.O-O Nc6 8.Be3 
a6 9.a4 Bd7 10.Qd2 Qc7 11.f4 O-O 12.Nxc6 Bxc6 13.Bf3 Rfd8 14.Qf2 Nd7 15.
Qg3 Bf6 16.Ne2 Bxb2 17.Rab1 Bf6 18.Bd4 Bxd4+ 19.Nxd4 Bxa4 20.e5 d5 21.Rbe1
Qc5 22.Qf2 Bc6 23.Kh1 Nb6 24.Ra1 Nc4 25.Be2 h6 26.f5 Bd7 27.f6 g6 28.Qh4 
Kh7 29.Nf3 Rh8 30.Bxc4 Bb5 31.Bxb5 Qxb5 32.Rab1 Qc6 33.Nd4 Qc7 34.Rbe1 Qc4
35.Rf3 b5 36.Rh3 Kg8 37.Rd1 a5 38.Qg4 a4 39.Rf3 a3 40.Rfd3 Qb4 41.Rb3 Qc4 
42.Ra1 b4 43.Qd1 Kh7 44.Nf3 Rhc8 45.Ra2 Ra5 46.Kg1 Rac5 47.Ne1 Qe4 48.Nd3 
Rc4 49.Qb1 Qe2 0-1

[Event "VII Festival A"]
[Site "Trieste ITA"]
[Date "2005.09.04"]
[Round "3"]
[White "Gyorkos, Lajos"]
[Black "Milinkovic, Zdravko"]
[Result "1-0"]
[WhiteElo "2424"]
[BlackElo "1980"]
[PlyCount "95"]
[EventDate "2005.09.03"]

1.d4 Nf6 2.c4 g6 3.Nc3 Bg7 4.e4 d6 5.Be2 O-O 6.Bg5 Nc6 7.Nf3 Bg4 8.Ng1 
Bxe2 9.Ngxe2 Nd7 10.Qd2 Qe8 11.O-O a6 12.Rfe1 Rc8 13.Rac1 e5 14.d5 Ne7 15.
b4 f5 16.exf5 gxf5 17.Nf4 h6 18.Bxe7 Qxe7 19.Ng6 Qf6 20.Nxf8 Rxf8 21.f4 
exf4 22.Re6 Qd4+ 23.Qxd4 Bxd4+ 24.Kf1 Be3 25.Rc2 Nf6 26.Re7 Rf7 27.Rxf7 
Kxf7 28.Ke2 Ng4 29.h3 Ne5 30.Nd1 Bd4 31.Nf2 c5 32.dxc6 bxc6 33.Nd3 Ng6 34.
Ne1 Ke6 35.Nf3 Bf6 36.Kd1 d5 37.cxd5+ Kxd5 38.Rc5+ Kd6 39.Rxf5 Bc3 40.Kc2 
Ne7 41.Rxf4 Nd5 42.Rh4 Bxb4 43.Rxh6+ Kc5 44.Ne5 Kb5 45.Nxc6 Bc5 46.Kb3 Be3
47.Re6 Kc5 48.Nb4 1-0

[Event "VII Festival A"]
[Site "Trieste ITA"]
[Date "2005.09.04"]
[Round "3"]
[White "Lalic, Bogdan"]
[Black "Padjen, Zdenko"]
[Result "1-0"]
[WhiteElo "2491"]
[BlackElo "2068"]
[PlyCount "107"]
[EventDate "2005.09.03"]

1.d4 f5 2.Nc3 Nf6 3.Bg5 Nc6 4.Bxf6 exf6 5.e3 d5 6.Qf3 Bb4 7.Bd3 Bxc3+ 8.
bxc3 Ne7 9.Ne2 Be6 10.Nf4 Bf7 11.g4 Qd7 12.gxf5 Nxf5 13.h4 O-O-O 14.Kd2 
Ne7 15.h5 g5 16.hxg6 hxg6 17.Rag1 f5 18.Qg3 Qd6 19.Qg5 Kb8 20.Be2 c5 21.
dxc5 Qxc5 22.Qf6 Rxh1 23.Qe5+ Ka8 24.Rxh1 Nc6 25.Rh8 Qa5 26.Qf6 g5 27.
Rxd8+ Qxd8 28.Qxf7 gxf4 29.exf4 d4 30.c4 Qa5+ 31.Kd1 Qxa2 32.Qf8+ Nb8 33.
Bd3 a5 34.Qxf5 Qb1+ 35.Ke2 Qb4 36.Qb5 Qe7+ 37.Kf3 Nc6 38.Be4 Qc7 39.Bxc6 
bxc6 40.Qc5 a4 41.f5 Qa7 42.Qxc6+ Qb7 43.Qxb7+ Kxb7 44.f6 a3 45.f7 a2 46.
f8=Q a1=Q 47.Qe7+ Kc6 48.Qe4+ Kd6 49.Kf4 Qc1+ 50.Kf5 Qd2 51.Qf4+ Qxf4+ 52.
Kxf4 Kc5 53.Ke4 Kxc4 54.f4 1-0

[Event "VII Festival A"]
[Site "Trieste ITA"]
[Date "2005.09.04"]
[Round "3"]
[White "Oblak, Mitja"]
[Black "Grudina, Marco"]
[Result "1/2-1/2"]
[WhiteElo "1688"]
[BlackElo "1853"]
[PlyCount "82"]
[EventDate "2005.09.03"]

1.d4 d5 2.c4 c6 3.cxd5 cxd5 4.Nc3 Nc6 5.Nf3 Nf6 6.Bf4 a6 7.e3 e6 8.a3 Be7 
9.Bd3 O-O 10.h3 h6 11.O-O Bd6 12.Bxd6 Qxd6 13.Qb3 b5 14.Be2 Bb7 15.Rfc1 
Na5 16.Qa2 Rac8 17.Rc2 Rc7 18.Rac1 Qb6 19.Ne5 Rfc8 20.Nd3 Nd7 21.b4 Nc4 
22.Nc5 Nf6 23.Qb3 Bc6 24.a4 bxa4 25.N3xa4 Bxa4 26.Qxa4 Qb5 27.Qxa6 Qxb4 
28.Bxc4 dxc4 29.Rxc4 Qb8 30.Qa2 Qb5 31.Rb1 Qc6 32.Rcb4 Nd5 33.R4b3 Qd6 34.
Qb2 Qc6 35.Rb8 e5 36.Rxc8+ Rxc8 37.Qb7 Qxb7 38.Rxb7 exd4 39.exd4 Nf4 40.
Rb2 Rd8 41.Rd2 Rxd4 1/2-1/2

[Event "VII Festival A"]
[Site "Trieste ITA"]
[Date "2005.09.04"]
[Round "3"]
[White "Punteri, Marco"]
[Black "Drazic, Sinisa"]
[Result "0-1"]
[WhiteElo "1985"]
[BlackElo "2497"]
[PlyCount "66"]
[EventDate "2005.09.03"]

1.d4 c5 2.d5 e5 3.c4 d6 4.e4 Be7 5.Nc3 Nd7 6.Nf3 Ngf6 7.h3 Nf8 8.Be3 Ng6 
9.Qc2 a6 10.Rb1 O-O 11.g4 h6 12.b4 b6 13.a4 Nd7 14.b5 Nh4 15.Nxh4 Bxh4 16.
Ne2 axb5 17.axb5 Ra3 18.Rb3 Ra1+ 19.Rb1 Ra3 20.Rb3 Rxb3 21.Qxb3 Nf6 22.Bg2
h5 23.gxh5 Nxh5 24.Bf3 Nf6 25.Ng3 Bd7 26.Nh5 g6 27.Nxf6+ Qxf6 28.Bg4 Ra8 
29.O-O Bxg4 30.hxg4 Qf3 31.Qc3 Qxg4+ 32.Kh2 Kg7 33.Ra1 Rh8 0-1

[Event "VII Festival A"]
[Site "Trieste ITA"]
[Date "2005.09.04"]
[Round "3"]
[White "Ramesa, Davor"]
[Black "Jovanic, Ognjen"]
[Result "0-1"]
[WhiteElo "2172"]
[BlackElo "2447"]
[PlyCount "60"]
[EventDate "2005.09.03"]

1.c4 Nf6 2.Nc3 e5 3.Nf3 Nc6 4.e4 Bb4 5.d3 d6 6.Be2 h6 7.O-O O-O 8.a3 Bxc3 
9.bxc3 b6 10.Ne1 Nh7 11.f4 f5 12.exf5 Bxf5 13.Bf3 Qe8 14.fxe5 dxe5 15.Bd5+
Be6 16.Rxf8+ Nxf8 17.Qf3 Bxd5 18.cxd5 Ne7 19.c4 c6 20.Bb2 cxd5 21.cxd5 Rd8
22.Bxe5 Rxd5 23.Bc3 Qd7 24.Qe4 Ne6 25.Nf3 Nc5 26.Qf4 Nxd3 27.Qb8+ Kh7 28.
Rf1 Ng6 29.Qg3 Ngf4 30.Ne5 Ne2+ 0-1

[Event "VII Festival A"]
[Site "Trieste ITA"]
[Date "2005.09.04"]
[Round "3"]
[White "Rozmann, Glauco"]
[Black "Costariol, Elena"]
[Result "0-1"]
[WhiteElo "1413"]
[BlackElo "1605"]
[PlyCount "58"]
[EventDate "2005.09.03"]

1.d4 Nf6 2.e3 e6 3.Be2 d5 4.Nf3 c5 5.c4 cxd4 6.exd4 dxc4 7.Qa4+ Nc6 8.Bxc4
Bd7 9.Qd1 Qb6 10.O-O Rc8 11.b3 g6 12.Be3 Qa5 13.Re1 Bg7 14.Nbd2 Nd5 15.
Bxd5 Qxd5 16.Nc4 O-O 17.Rc1 Rfd8 18.Rc2 Be8 19.Rd2 Bf8 20.Ree2 Rd7 21.Bg5 
h6 22.Bf6 Bg7 23.Bxg7 Kxg7 24.Nce5 Nxe5 25.Nxe5 Rdc7 26.Rc2 Rxc2 27.Rxc2 
Rxc2 28.Qxc2 Qxd4 29.Nf3 Qa1+ 0-1

[Event "VII Festival A"]
[Site "Trieste ITA"]
[Date "2005.09.04"]
[Round "3"]
[White "Stantic, Severino"]
[Black "Plani, Andrea"]
[Result "1-0"]
[WhiteElo "2064"]
[BlackElo "1775"]
[PlyCount "123"]
[EventDate "2005.09.03"]

1.c4 e5 2.Nc3 Bc5 3.Nf3 Nc6 4.e3 Nf6 5.a3 d5 6.b4 Be7 7.b5 d4 8.Nd5 Na5 9.
Nxe7 Qxe7 10.exd4 exd4+ 11.Qe2 Qxe2+ 12.Bxe2 Be6 13.d3 Nb3 14.Rb1 Nxc1 15.
Rxc1 Rd8 16.Nd2 Bg4 17.O-O O-O 18.Rfe1 Bxe2 19.Rxe2 c5 20.bxc6 bxc6 21.Re5
Rfe8 22.Nf3 Rxe5 23.Nxe5 c5 24.Rb1 Nh5 25.Nc6 Re8 26.g3 f5 27.Nxa7 f4 28.
Nc6 Re2 29.Kg2 fxg3 30.hxg3 Nf6 31.Kf3 Ra2 32.Rb3 g5 33.Nd8 g4+ 34.Kg2 Nd7
35.Nc6 Kf7 36.Rb7 Ke6 37.Ra7 Kd6 38.Nd8 Ne5 39.Nf7+ Nxf7 40.Rxf7 Rxa3 41.
Rxh7 Rxd3 42.Rh6+ Kc7 43.Rg6 Rc3 44.Rxg4 d3 45.Kf3 d2+ 46.Ke2 Rd3 47.Kd1 
Rf3 48.Rf4 Rd3 49.g4 Kd6 50.f3 Ke5 51.Rf5+ Kd4 52.Rd5+ Kxc4 53.Rf5 Kd4 54.
Rf8 c4 55.g5 c3 56.Rc8 Rxf3 57.Rd8+ Ke3 58.Re8+ Kf4 59.Rf8+ Kg3 60.Rxf3+ 
Kxf3 61.g6 c2+ 62.Kxd2 1-0

[Event "VII Festival A"]
[Site "Trieste ITA"]
[Date "2005.09.04"]
[Round "3"]
[White "Tonel, Giulia"]
[Black "Brunello, Marina"]
[Result "1-0"]
[WhiteElo "1793"]
[BlackElo "1667"]
[PlyCount "93"]
[EventDate "2005.09.03"]

1.e4 e5 2.Nf3 Nc6 3.Bc4 Bc5 4.c3 Nf6 5.d3 h6 6.Nbd2 d6 7.h3 Bd7 8.b4 Bb6 
9.Bb3 O-O 10.O-O Kh8 11.Nc4 Nh7 12.Nxb6 axb6 13.d4 exd4 14.Nxd4 Nxd4 15.
Qxd4 Qf6 16.Bb2 Qg6 17.Kh2 Rae8 18.Rae1 f5 19.Bc2 Bc6 20.f3 fxe4 21.c4 Ng5
22.b5 Bd7 23.h4 Nh7 24.Bxe4 Qf6 25.Qxf6 Nxf6 26.Bxb7 Be6 27.Bc6 Re7 28.Bd5
Rfe8 29.Bxe6 Rxe6 30.Rxe6 Rxe6 31.Rf2 Nd7 32.Kg1 Ne5 33.Rc2 Nd3 34.Bc3 Kh7
35.Kf1 Ne5 36.Re2 Kg6 37.f4 Rf6 38.Rf2 Ng4 39.Bxf6 Nxf2 40.Kxf2 Kxf6 41.
Kf3 h5 42.Ke4 Ke6 43.f5+ Ke7 44.Kd5 Kd7 45.g3 Kd8 46.Ke6 Ke8 47.a4 1-0

[Event "VII Festival A"]
[Site "Trieste ITA"]
[Date "2005.09.04"]
[Round "3"]
[White "Trtanj, Tina"]
[Black "Arcion, Riccardo"]
[Result "1/2-1/2"]
[WhiteElo "2137"]
[BlackElo "1958"]
[PlyCount "88"]
[EventDate "2005.09.03"]

1.d4 d5 2.c4 e6 3.Nc3 Nf6 4.Bg5 Nbd7 5.e3 c6 6.cxd5 exd5 7.Bd3 Be7 8.Qc2 
O-O 9.Nge2 Re8 10.O-O Nf8 11.Bxf6 Bxf6 12.b4 a6 13.a4 Be7 14.b5 Bd6 15.
bxc6 bxc6 16.Ng3 Qh4 17.Nce2 Bd7 18.Rfb1 Re6 19.Bf5 Rh6 20.Bxd7 Qxh2+ 21.
Kf1 Bxg3 22.Nxg3 Nxd7 23.Rb7 Nf8 24.Rab1 Rf6 25.Ne2 Re8 26.R1b3 Ng6 27.Ng1
Nh4 28.f4 Nf5 29.Nf3 Qh1+ 30.Kf2 g6 31.Rb8 Rxb8 32.Rxb8+ Kg7 33.Qb1 Qxb1 
34.Rxb1 Re6 35.Ne5 f6 36.Rb7+ Kg8 37.Rb8+ Kg7 38.Rb7+ Re7 39.Rxe7+ Nxe7 
40.Nd7 Nc8 41.a5 Nd6 42.Nb8 Nc4 43.Nxc6 Kf7 44.Nb4 Ke6 1/2-1/2

[Event "VII Festival A"]
[Site "Trieste ITA"]
[Date "2005.09.04"]
[Round "3"]
[White "Varini, Massimo"]
[Black "Pasquotto, Mirko"]
[Result "0-1"]
[WhiteElo "2080"]
[BlackElo "1814"]
[PlyCount "128"]
[EventDate "2005.09.03"]

1.e4 c5 2.Nf3 d6 3.Bb5+ Bd7 4.a4 a6 5.Bxd7+ Qxd7 6.O-O Nf6 7.Re1 Nc6 8.c3 
e5 9.d4 exd4 10.e5 dxe5 11.Nxe5 Nxe5 12.Rxe5+ Be7 13.Qe1 Kf8 14.Bg5 h6 15.
Bh4 g5 16.Bg3 Bd6 17.Na3 Bxe5 18.Bxe5 Re8 19.cxd4 cxd4 20.Qb4+ Kg7 21.Bxd4
Re6 22.h4 Qc6 23.Qd2 Qe4 24.Nc4 Qxh4 25.Ne3 Qf4 26.Rc1 Rhe8 27.Rc5 Kg6 28.
Qc2+ Qe4 29.Qc3 Qb1+ 30.Qc1 Qxc1+ 31.Rxc1 Re4 32.Bc3 Rxa4 33.Rd1 Ne4 34.
Rd7 Nxc3 35.bxc3 b5 36.Rd6+ Re6 37.Rd8 Ra1+ 38.Kh2 Ra2 39.Kg3 Ra3 40.Rg8+ 
Kh7 41.Rf8 Kg7 42.Rc8 Re5 43.Rc6 h5 44.Kf3 a5 45.g4 hxg4+ 46.Kxg4 Ra4+ 47.
Kg3 Ra3 48.Kg4 Ra4+ 49.Kf3 Rf4+ 50.Kg3 b4 51.Ng4 Re1 52.f3 b3 53.Rc5 f6 
54.Rxa5 b2 55.Ra7+ Kg6 56.Rb7 b1=Q 57.Rxb1 Rxb1 58.Ne3 Rb3 59.Nd5 Rc4 60.
Ne7+ Kf7 61.Nf5 Rcxc3 62.Kg4 Rxf3 63.Nh6+ Kg6 64.Nf5 Rf4# 0-1

[Event "VII Festival A"]
[Site "Trieste ITA"]
[Date "2005.09.04"]
[Round "3"]
[White "Videki, Sandor"]
[Black "Landa, Konstantin"]
[Result "1/2-1/2"]
[WhiteElo "2394"]
[BlackElo "2609"]
[PlyCount "49"]
[EventDate "2005.09.03"]

1.e4 c5 2.Nf3 e6 3.d4 cxd4 4.Nxd4 a6 5.c4 Nf6 6.Nc3 Qc7 7.a3 b6 8.Be3 Bb7 
9.f3 Nc6 10.b4 Be7 11.Rc1 O-O 12.Be2 Rac8 13.Qd2 Rfe8 14.O-O Bd6 15.g3 
Nxd4 16.Qxd4 Bxg3 17.hxg3 Qxg3+ 18.Kh1 Qh3+ 19.Kg1 Qg3+ 20.Kh1 e5 21.Qd2 
Qh3+ 22.Kg1 Qg3+ 23.Kh1 Qh3+ 24.Kg1 Qg3+ 25.Kh1 1/2-1/2